000 00281nam a22001217a 4500
082 _a651.8 SAN'C
100 _aSANDERS, D. H
_966426
245 _aCOMPUTERS IN BUSINESS AN INTRODUCTION
250 _a2ND
260 _aTOKYO
_bMCGRAW HILL
_c1968
300 _aXX, 588P
942 _cBK
999 _c584215
_d584215